banner-ar

EXECUTIVE DEVELOPMENT: PREPARING FOR THE 21 ST CENTURY / (Record no. 10188)

MARC details
000 -الفاتح
حقل البيانات ثابتة الطول 00561nam a2200193Ia 4500
008 - عناصر البيانات ثابتة الطول - معلومات عامة
حقل البيانات ثابتة الطول 140319s9999 xx 000 0 eng d
040 ## - مصدر الفهرسة
وكالة الفهرسة الأصلية GCL /
وكالة النسخ GCL
082 04 - رقم تصنيف ديوى العشرى
رقم التصنيف 658.407124
رقم المادة M E
100 1# - المدخل الرئيسى - إسم شخصى
الإسم الشخصى FICKEL, ARTUR A.
245 10 - بيان العنوان
العنوان EXECUTIVE DEVELOPMENT: PREPARING FOR THE 21 ST CENTURY /
بيان المسئوليه,etc FICKEL, ARTUR A.
700 1# - المدخل الاضافى - اسم شخصى
الإسم الشخصى MOULTON, HARPER W.
260 ## - PUBLICATION, DISTRIBUTION, ETC. (IMPRINT)
تاريخ النشر أو التوزيع 1993
300 ## - الوصف المادى
التعداد 200 P
650 04 - المدخل الاضافى بالموضوع-مصطلح موضوعى
مصطلح موضوعي EXECUTIVES - TRAINING
650 04 - المدخل الاضافى بالموضوع-مصطلح موضوعى
مصطلح موضوعي INDUSTRIAL MANAGEMENT
650 04 - المدخل الاضافى بالموضوع-مصطلح موضوعى
مصطلح موضوعي ASSESSMENT CENTERS
942 ## - عناصر المدخل الإضافي( كوها)
مصدر التصنيف او مخطط الترفيف Dewey Decimal Classification
Koha [default] item type كتاب
260 ## - PUBLICATION, DISTRIBUTION, ETC. (IMPRINT)
-- [S.N] :
-- OXFORD UNIVERSITY PRESS ،
Holdings
حالة التراجع حالة الفقد حالة تلف ليس للاعارة المكان المؤقت الموقع الحالى تاريخ الاكتساب اجمالي اﻻعارات رقم الطلب الباركود تاريخ اخر مشاهدة تاريخ تفعيل السعر نوع وعاء كوها
        مكتبة القاهرة الكبرى مكتبة القاهرة الكبرى 03/26/2014   658.407124\M E 20804 03/26/2014 03/26/2014 كتاب

Powered By

EGPV